[Event "9th Asia-ch (women)"]
[Site "Chennai IND"]
[Date "2001.09.05"]
[Round "4"]
[White "Huang Qian"]
[Black "Vijayalakshmi, Subbaraman"]
[Result "1-0"]
[WhiteElo "2260"]
[BlackElo "2397"]
[EventDate "2001.09.03"]
[PlyCount "63"]

1.Nf3 Nf6 2.g3 b6 3.Bg2 Bb7 4.O-O e6 5.d3 d5 6.Nbd2 Be7 7.Re1 O-O 8.c3 
Nbd7 9.Qc2 a5 10.Nf1 Qc8 11.h3 Rd8 12.g4 c5 13.Bg5 Nf8 14.Ng3 h6 15.Bd2 
Ng6 16.Qc1 e5 17.e4 c4 18.exd5 Nxd5 19.Nxe5 Nxe5 20.Rxe5 Bf6 21.Re1 cxd3 
22.Nf5 h5 23.Bg5 hxg4 24.hxg4 d2 25.Qxd2 Qc4 26.Bxf6 gxf6 27.Re4 Qc5 28.
Qh6 Qf8 29.Qxf8+ Kxf8 30.Rd4 Bc6 31.Rad1 Nf4 32.Rxd8+ 1-0

[Event "9th Asia-ch (women)"]
[Site "Chennai IND"]
[Date "2001.09.05"]
[Round "4"]
[White "Ramaswamy, Aarthie"]
[Black "Zhao Xue"]
[Result "1-0"]
[WhiteElo "2249"]
[BlackElo "2372"]
[EventDate "2001.09.03"]
[PlyCount "49"]

1.e4 e6 2.d4 d5 3.Nd2 Nf6 4.e5 Nfd7 5.c3 c5 6.Bd3 Nc6 7.Ngf3 g6 8.h4 cxd4 
9.cxd4 f5 10.exf6 Nxf6 11.Nf1 Qb6 12.Ng3 Bb4+ 13.Kf1 Bd7 14.Bg5 Be7 15.Rc1
Nb4 16.Bb1 Nxa2 17.Bxa2 Qa6+ 18.Kg1 Qxa2 19.Ne5 Qa5 20.h5 Rg8 21.hxg6 hxg6
22.Qf3 Qd8 23.Rh7 Rf8 24.Qd3 Rg8 25.Rh8 1-0

[Event "9th Asia-ch (women)"]
[Site "Chennai IND"]
[Date "2001.09.05"]
[Round "4"]
[White "Khamrakulova, Iroda"]
[Black "Meenakshi, Subbaraman"]
[Result "1/2-1/2"]
[WhiteElo "2217"]
[BlackElo "2245"]
[EventDate "2001.09.03"]
[PlyCount "86"]

1.e4 e5 2.Nf3 Nf6 3.Nxe5 d6 4.Nf3 Nxe4 5.d3 Nf6 6.d4 d5 7.Bd3 c5 8.c3 Nc6 
9.h3 cxd4 10.Nxd4 Nxd4 11.cxd4 Bb4+ 12.Nc3 Qe7+ 13.Qe2 Qxe2+ 14.Kxe2 O-O 
15.Rd1 Be6 16.Kf1 Rac8 17.Bd2 a6 18.a3 Bd6 19.Re1 Rfe8 20.Kg1 Nh5 21.Ne2 
f5 22.g3 g6 23.Kg2 Nf6 24.f3 Kg7 25.g4 Bd7 26.Nc3 h6 27.g5 hxg5 28.Bxg5 
Be6 29.Re2 Nh5 30.Rae1 Kf7 31.Bb1 Bg3 32.Rd1 Bf4 33.Bh4 g5 34.Be1 Bb8 35.
Bd2 Ng3 36.Ree1 f4 37.Ba2 Rcd8 38.Rxe6 Kxe6 39.Nxd5 Kf5 40.Bb1+ Ke6 41.Ba2
Kf5 42.Bb1+ Ke6 43.Ba2 Kf5 1/2-1/2

[Event "9th Asia-ch (women)"]
[Site "Chennai IND"]
[Date "2001.09.05"]
[Round "4"]
[White "Gu Xiaobing"]
[Black "Dhar-Barua, Saheli"]
[Result "1-0"]
[WhiteElo "2300"]
[BlackElo "2248"]
[EventDate "2001.09.03"]
[PlyCount "79"]

1.d4 d5 2.c4 e6 3.Nc3 Nf6 4.Bg5 Be7 5.e3 c6 6.Rc1 O-O 7.Bd3 Nbd7 8.Nf3 
dxc4 9.Bxc4 b5 10.Bd3 Bb7 11.O-O a6 12.e4 c5 13.e5 Nd5 14.Bxe7 Qxe7 15.
Nxd5 Bxd5 16.dxc5 Nxc5 17.Bxh7+ Kxh7 18.Qc2+ Ne4 19.Rce1 Rac8 20.Qb1 Kg8 
21.Rxe4 Bxe4 22.Qxe4 Rc4 23.Qe3 Rd8 24.h4 Rd5 25.h5 f5 26.Qb6 Kh7 27.b3 
Rc3 28.Re1 Rcd3 29.Qxa6 Rd1 30.Rxd1 Rxd1+ 31.Kh2 Qe8 32.Ng5+ Kh8 33.Kg3 
Rh1 34.Qxe6 f4+ 35.Kxf4 Qf8+ 36.Kg4 Qb4+ 37.f4 Qf8 38.Qg6 Rh4+ 39.Kxh4 
Qxf4+ 40.Kh3 1-0

[Event "9th Asia-ch (women)"]
[Site "Chennai IND"]
[Date "2001.09.05"]
[Round "4"]
[White "Sergeeva, Maria"]
[Black "Li Ruofan"]
[Result "1/2-1/2"]
[WhiteElo "2327"]
[BlackElo "2293"]
[EventDate "2001.09.03"]
[PlyCount "42"]

1.e4 e5 2.Nf3 Nc6 3.Bb5 Nf6 4.O-O Bc5 5.c3 O-O 6.d4 Bb6 7.Re1 d6 8.h3 Ne7 
9.dxe5 dxe5 10.Qxd8 Rxd8 11.Nxe5 Nxe4 12.Rxe4 Rd1+ 13.Kh2 Bf5 14.Nd2 Bxe4 
15.Nxe4 c6 16.Bc4 Re1 17.Nxf7 Rxe4 18.Nd6+ Rxc4 19.Nxc4 Bxf2 20.Be3 Rf8 
21.Rd1 Nd5 1/2-1/2

[Event "9th Asia-ch (women)"]
[Site "Chennai IND"]
[Date "2001.09.05"]
[Round "4"]
[White "Khegai, Angela"]
[Black "Mohota, Nisha"]
[Result "0-1"]
[WhiteElo "2235"]
[BlackElo "2236"]
[EventDate "2001.09.03"]
[PlyCount "66"]

1.d4 f5 2.Bg5 g6 3.Nc3 d5 4.e3 Bg7 5.Nf3 c6 6.Be2 Be6 7.Ne5 Nf6 8.h4 Nbd7 
9.h5 Nxe5 10.h6 Bxh6 11.Bxh6 Ned7 12.Na4 Kf7 13.b4 b5 14.Nc5 Nxc5 15.dxc5 
a5 16.c3 axb4 17.cxb4 Ra3 18.Bf3 Qa8 19.Qd2 Qa6 20.Bg5 h5 21.Qb2 Ra8 22.
Qe5 Nd7 23.Qf4 Rxa2 24.Rd1 Qa3 25.g4 Qb2 26.Rh2 hxg4 27.Bxg4 Rh8 28.Bh4 
Ne5 29.Qg5 Qxb4+ 30.Kf1 Qc4+ 31.Ke1 Qxc5 32.Be2 Rxe2+ 33.Kxe2 Qc2+ 0-1

[Event "9th Asia-ch (women)"]
[Site "Chennai IND"]
[Date "2001.09.05"]
[Round "4"]
[White "Swathi, Ghate"]
[Black "Khan, Nazrana"]
[Result "1-0"]
[WhiteElo "2260"]
[BlackElo "2129"]
[EventDate "2001.09.03"]
[PlyCount "91"]

1.e4 c5 2.Nf3 d6 3.d4 cxd4 4.Nxd4 Nf6 5.Nc3 g6 6.Be3 Bg7 7.f3 Nc6 8.Qd2 a6
9.Bc4 O-O 10.O-O-O Rb8 11.g4 Nxd4 12.Bxd4 b5 13.Bb3 Be6 14.h4 Qc7 15.Kb1 
Rfc8 16.h5 a5 17.hxg6 hxg6 18.Qh2 b4 19.Na4 Bxb3 20.axb3 Qc6 21.Rd2 Kf8 
22.Be3 Ng8 23.Qf2 Rb5 24.Bd4 Nf6 25.Qg3 Ke8 26.Qg1 Kf8 27.Rdh2 Ke8 28.Qf2 
e5 29.Be3 Ke7 30.Bg5 Ke6 31.Qe3 Rbb8 32.Rd1 Rb7 33.Rhd2 Ne8 34.Bh4 Qb5 35.
Bf2 Bf6 36.Rd5 Qa6 37.Qd2 Rc6 38.Bg3 Nc7 39.f4 exf4 40.Bxf4 Nb5 41.g5 Be5 
42.Bxe5 dxe5 43.Qh2 Ke7 44.Qh8 Nd6 45.Qf6+ Kd7 46.Nc5+ 1-0

[Event "9th Asia-ch (women)"]
[Site "Chennai IND"]
[Date "2001.09.05"]
[Round "4"]
[White "Kasturi, M."]
[Black "Prathiba, Yuvarajan"]
[Result "0-1"]
[WhiteElo "2115"]
[BlackElo "2054"]
[EventDate "2001.09.03"]
[PlyCount "70"]

1.e4 e6 2.d4 d5 3.Nd2 Nf6 4.e5 Nfd7 5.Bd3 c5 6.c3 Nc6 7.Ne2 Qb6 8.Nf3 cxd4
9.cxd4 f6 10.exf6 Nxf6 11.O-O Bd6 12.Re1 Bd7 13.a3 a6 14.Nc3 O-O 15.Bc2 
Qc7 16.Bg5 Ng4 17.g3 Nxf2 18.Kxf2 Nxd4 19.Qxd4 Bc5 20.Be3 Bxd4 21.Bxd4 e5 
22.Bxe5 Qb6+ 23.Kg2 Rxf3 24.Kxf3 Rf8+ 25.Bf4 Qxb2 26.Nxd5 Qxc2 27.Ne7+ Kh8
28.Rad1 Bh3 29.Ke3 Re8 30.Bd6 Bg4 31.Rc1 Qb3+ 32.Kf2 Qb2+ 33.Ke3 Qf6 34.
Bb4 a5 35.Rf1 Qe6+ 0-1

[Event "9th Asia-ch (women)"]
[Site "Chennai IND"]
[Date "2001.09.05"]
[Round "4"]
[White "Sultana, Zakia"]
[Black "Gokhale, Anupama"]
[Result "0-1"]
[WhiteElo "2012"]
[BlackElo "2251"]
[EventDate "2001.09.03"]
[PlyCount "140"]

1.d4 Nf6 2.c4 c5 3.e3 g6 4.Nf3 Bg7 5.Nc3 O-O 6.Be2 b6 7.O-O Bb7 8.d5 d6 9.
e4 Na6 10.Re1 Nc7 11.Bf1 e6 12.Bg5 exd5 13.exd5 Qd7 14.a4 h6 15.Bh4 Rfe8 
16.Qd2 Nh5 17.Bg3 Nxg3 18.hxg3 Rxe1 19.Qxe1 Na6 20.Qd2 Nb4 21.a5 bxa5 22.
Rxa5 a6 23.Ra1 Re8 24.Re1 Rxe1 25.Qxe1 Bf6 26.Qd2 Bg7 27.b3 Qf5 28.Qe3 Qd7
29.Ne4 Bc8 30.Qf4 f5 31.Ned2 Nc2 32.Nb1 g5 33.Qd2 Nb4 34.Nc3 Qe8 35.Na4 
Qd8 36.Ne1 Bd7 37.Nb2 Qe7 38.Nbd3 a5 39.Nxb4 axb4 40.Qe2 Qf7 41.Nf3 f4 42.
gxf4 Qxf4 43.g3 Qf7 44.Nd2 h5 45.Ne4 Qg6 46.Bg2 Bf5 47.g4 Bxg4 48.Qe3 Bd4 
49.Qxg5 Qxg5 50.Nxg5 Bd1 51.Ne4 Bxb3 52.Nxd6 Bc2 53.Nb5 b3 54.d6 Kf8 55.
Bc6 b2 56.Na3 b1=Q+ 57.Nxb1 Bxb1 58.Kg2 Be5 59.d7 Ke7 60.Kh3 Bf6 61.Bf3 
Bf5+ 62.Kg3 h4+ 63.Kf4 Bxd7 64.Be4 Be6 65.Bd3 Kd6 66.Bf1 h3 67.Kg3 Ke5 68.
f4+ Kd4 69.Be2 Ke3 70.Bf1 Bf5 0-1

[Event "9th Asia-ch (women)"]
[Site "Chennai IND"]
[Date "2001.09.05"]
[Round "4"]
[White "Wang Yu"]
[Black "Levushkina, Elena"]
[Result "1-0"]
[WhiteElo "2382"]
[BlackElo "2208"]
[EventDate "2001.09.03"]
[PlyCount "207"]

1.e4 e5 2.Nf3 Nf6 3.Nxe5 d6 4.Nf3 Nxe4 5.d4 d5 6.Bd3 Bd6 7.O-O O-O 8.c4 c6
9.Qc2 Na6 10.a3 Re8 11.Nc3 Bg4 12.Nxe4 dxe4 13.Bxe4 Bxf3 14.Bxf3 Qh4 15.g3
Qxd4 16.Be3 Qf6 17.Be4 g6 18.b4 Nc7 19.Rad1 Qe7 20.Bg2 Ne6 21.Rfe1 Qc7 22.
c5 Bf8 23.h4 h5 24.Rd3 Rad8 25.Red1 Rxd3 26.Rxd3 Rd8 27.Bf1 Rxd3 28.Bxd3 
Qe5 29.Bc4 Bg7 30.Qb3 Qf5 31.Qd1 Bb2 32.a4 Bc3 33.Qb3 Bg7 34.Bd3 Qe5 35.
Bc4 Qf5 36.Qd1 Bc3 37.b5 Nxc5 38.Qd8+ Kg7 39.Qe7 cxb5 40.axb5 Nd7 41.Bxa7 
Ne5 42.Be2 Nf3+ 43.Bxf3 Qxf3 44.Bc5 Kh7 45.Qc7 Bg7 46.Qd7 Be5 47.Kh2 Bc3 
48.Be3 Be5 49.Qd3 Bg7 50.Qd6 Bh6 51.Bc5 Bg7 52.Kg1 Qf5 53.b6 Qf3 54.Be3 
Qf5 55.Bf4 Qb1+ 56.Kh2 Qc2 57.Be3 Qf5 58.Qe7 Qd5 59.Qe8 Be5 60.Qe7 Bg7 61.
Kg1 Qd1+ 62.Kh2 Qd5 63.Qb4 Be5 64.Kg1 Qd1+ 65.Kh2 Qf3 66.Qd2 Bg7 67.Kg1 
Be5 68.Qd3 Bg7 69.Qd7 Be5 70.Bf4 Bxf4 71.Qxf7+ Kh8 72.Qxf4 Qxf4 73.gxf4 
Kg7 74.Kf1 Kf6 75.Ke2 Ke6 76.Ke3 Kd5 77.f5 gxf5 78.Kf4 Kc5 79.Kxf5 Kxb6 
80.Ke6 Kc7 81.f4 b5 82.f5 b4 83.f6 b3 84.f7 b2 85.f8=Q b1=Q 86.Qc5+ Kb7 
87.Qd5+ Kc8 88.Qc6+ Kb8 89.Qe8+ Kb7 90.Qxh5 Qe4+ 91.Kf7 Qf4+ 92.Kg7 Qd4+ 
93.Kh7 Qe4+ 94.Kh6 Qe3+ 95.Qg5 Qe6+ 96.Qg6 Qe3+ 97.Kh7 Kc8 98.h5 Qe7+ 99.
Qg7 Qe4+ 100.Kh8 Qf5 101.Qg8+ Kd7 102.Qh7+ Ke6 103.Qxf5+ Kxf5 104.Kg7 1-0

[Event "9th Asia-ch (women)"]
[Site "Chennai IND"]
[Date "2001.09.05"]
[Round "4"]
[White "Yu Ting"]
[Black "Nguyen Thi Thanh An"]
[Result "0-1"]
[WhiteElo "2256"]
[BlackElo "2275"]
[EventDate "2001.09.03"]
[PlyCount "88"]

1.e4 c6 2.d4 d5 3.exd5 cxd5 4.c4 Nf6 5.Nf3 g6 6.cxd5 Bg7 7.Bb5+ Bd7 8.Bc4 
O-O 9.O-O Bf5 10.Ne5 Nbd7 11.Nxd7 Qxd7 12.Nc3 Rac8 13.Bb3 b5 14.a3 Ne4 15.
Ne2 Nd6 16.a4 b4 17.Ng3 a5 18.Be3 Rc7 19.Nxf5 Nxf5 20.Qd3 Rfc8 21.Rfd1 Nd6
22.Bf4 Qg4 23.Be5 Qg5 24.Qe2 Rc1 25.Raxc1 Rxc1 26.f4 Rxd1+ 27.Bxd1 Qf5 28.
Bxg7 Kxg7 29.Qe5+ Kg8 30.Qxe7 Qxf4 31.Qd8+ Kg7 32.Bf3 Qc1+ 33.Kf2 Qxb2+ 
34.Kf1 Qc1+ 35.Ke2 Qc4+ 36.Ke1 Qc3+ 37.Kf1 Nf5 38.Qxa5 Ne3+ 39.Kf2 Qd2+ 
40.Be2 Qxd4 41.Qb5 Nxd5+ 42.Ke1 Nc3 43.Qc4 Qxc4 44.Bxc4 Nxa4 0-1

[Event "9th Asia-ch (women)"]
[Site "Chennai IND"]
[Date "2001.09.06"]
[Round "5"]
[White "Mohota, Nisha"]
[Black "Huang Qian"]
[Result "1-0"]
[WhiteElo "2236"]
[BlackElo "2260"]
[EventDate "2001.09.03"]
[PlyCount "107"]

1.d4 Nf6 2.c4 g6 3.Nc3 Bg7 4.e4 d6 5.f3 O-O 6.Nge2 c5 7.Be3 Na6 8.Qd2 cxd4
9.Nxd4 Be6 10.Be2 Rc8 11.Nd5 Nc5 12.O-O a5 13.b3 Bd7 14.Rac1 Bc6 15.Rfd1 
Nfd7 16.Qe1 Ne6 17.Nxe6 fxe6 18.Nf4 Rf6 19.Nd3 Rf7 20.c5 Qf8 21.cxd6 exd6 
22.Qxa5 Ne5 23.Nxe5 Bxe5 24.Qd2 Ra8 25.Bc4 Bd7 26.a4 Re8 27.Rf1 Bc6 28.
Rcd1 Rd7 29.f4 Bf6 30.Bb5 d5 31.Bxc6 bxc6 32.b4 Be7 33.Rb1 d4 34.Bf2 Rb8 
35.b5 cxb5 36.axb5 Bc5 37.Rfc1 Bd6 38.e5 Bc5 39.g3 Rd5 40.Qd3 Qf5 41.Rd1 
Qxd3 42.Rxd3 Bb6 43.Kg2 Ra8 44.Kf3 Ra2 45.Rb4 g5 46.h3 h5 47.Bxd4 h4 48.
gxh4 gxf4 49.Kxf4 Re2 50.Rg3+ Kf7 51.Bxb6 Rexe5 52.Rg5 Rf5+ 53.Rxf5+ Rxf5+
54.Kg4 1-0

[Event "9th Asia-ch (women)"]
[Site "Chennai IND"]
[Date "2001.09.06"]
[Round "5"]
[White "Vijayalakshmi, Subbaraman"]
[Black "Sergeeva, Maria"]
[Result "1-0"]
[WhiteElo "2397"]
[BlackElo "2327"]
[EventDate "2001.09.03"]
[PlyCount "103"]

1.d4 Nf6 2.c4 g6 3.Nc3 Bg7 4.Nf3 d6 5.g3 O-O 6.Bg2 Nbd7 7.O-O e5 8.e4 exd4
9.Nxd4 Re8 10.h3 Nc5 11.Re1 h6 12.b3 Nh7 13.h4 f5 14.b4 Ne6 15.Nxe6 Bxe6 
16.Qd3 Nf6 17.Bd2 Ng4 18.h5 Ne5 19.Qc2 Qf6 20.hxg6 fxe4 21.Qxe4 c6 22.Qc2 
Nxc4 23.Ne4 Qxg6 24.Bc3 Bxc3 25.Qxc3 Rf8 26.Rad1 Rad8 27.Rd4 d5 28.Nc5 Bc8
29.Nd3 Nd6 30.Rh4 Qf6 31.Qd2 Nf5 32.Rg4+ Kh7 33.Nf4 Rg8 34.Rxg8 Rxg8 35.b5
Nd4 36.Nh5 Nf3+ 37.Bxf3 Qxf3 38.Re7+ Kg6 39.Nf4+ Kf6 40.Re3 Qg4 41.bxc6 
bxc6 42.Qc3+ Kf7 43.Qxc6 Qf5 44.Nxd5 Rf8 45.Qc7+ Bd7 46.Nf4 Rc8 47.Qd6 
Rc1+ 48.Kh2 Bc6 49.Re7+ Kg8 50.Qd8+ Qf8 51.Rg7+ Kxg7 52.Ne6+ 1-0

[Event "9th Asia-ch (women)"]
[Site "Chennai IND"]
[Date "2001.09.06"]
[Round "5"]
[White "Ramaswamy, Aarthie"]
[Black "Wang Yu"]
[Result "1/2-1/2"]
[WhiteElo "2249"]
[BlackElo "2382"]
[EventDate "2001.09.03"]
[PlyCount "31"]

1.e4 e5 2.Nf3 Nf6 3.Nxe5 d6 4.Nf3 Nxe4 5.d4 d5 6.Bd3 Nc6 7.O-O Be7 8.c4 
Nb4 9.Be2 O-O 10.Nc3 Bf5 11.a3 Nxc3 12.bxc3 Nc6 13.Bf4 dxc4 14.Bxc4 Bd6 
15.Bxd6 Qxd6 16.Bd3 1/2-1/2

[Event "9th Asia-ch (women)"]
[Site "Chennai IND"]
[Date "2001.09.06"]
[Round "5"]
[White "Le Kieu Thien Kim"]
[Black "Nguyen Thi Thanh An"]
[Result "1/2-1/2"]
[WhiteElo "2307"]
[BlackElo "2275"]
[EventDate "2001.09.03"]
[PlyCount "32"]

1.Nf3 c5 2.g3 Nf6 3.Bg2 d5 4.d3 Nc6 5.Nbd2 Bg4 6.c3 e6 7.Qc2 Be7 8.O-O O-O
9.e4 Rc8 10.Re1 b5 11.Nf1 d4 12.h3 Bxf3 13.Bxf3 Ne5 14.Be2 c4 15.Rd1 cxd3 
16.Bxd3 Qb6 1/2-1/2

[Event "9th Asia-ch (women)"]
[Site "Chennai IND"]
[Date "2001.09.06"]
[Round "5"]
[White "Meenakshi, Subbaraman"]
[Black "Gu Xiaobing"]
[Result "0-1"]
[WhiteElo "2245"]
[BlackElo "2300"]
[EventDate "2001.09.03"]
[PlyCount "64"]

1.d4 Nf6 2.Nf3 c5 3.d5 b5 4.Bg5 d6 5.Bxf6 exf6 6.e4 a6 7.a4 bxa4 8.Rxa4 
Nd7 9.Nbd2 Nb6 10.Ra3 Be7 11.Bd3 O-O 12.O-O Qc7 13.c4 Nd7 14.Nh4 Rb8 15.f4
Rxb2 16.Bb1 g6 17.Rg3 Re8 18.e5 f5 19.Nxf5 dxe5 20.Nxe7+ Rxe7 21.f5 e4 22.
fxg6 hxg6 23.Nxe4 Qe5 24.Ng5 Nf6 25.Nf3 Qe3+ 26.Kh1 Ng4 27.d6 Reb7 28.Bxg6
fxg6 29.Ng5 Qxg5 30.Qf3 Qf5 31.Rxg4 Qxf3 32.Rxg6+ Kh7 0-1

[Event "9th Asia-ch (women)"]
[Site "Chennai IND"]
[Date "2001.09.06"]
[Round "5"]
[White "Li Ruofan"]
[Black "Khamrakulova, Iroda"]
[Result "1-0"]
[WhiteElo "2293"]
[BlackElo "2217"]
[EventDate "2001.09.03"]
[PlyCount "85"]

1.e4 c5 2.Nf3 d6 3.d4 cxd4 4.Nxd4 Nf6 5.Nc3 g6 6.Be3 Bg7 7.f3 O-O 8.Qd2 
Nc6 9.Bc4 Bd7 10.O-O-O a6 11.h4 Na5 12.Be2 Rc8 13.h5 Nc4 14.Bxc4 Rxc4 15.
Nde2 b5 16.Bh6 Be6 17.Bxg7 Kxg7 18.hxg6 fxg6 19.Qh6+ Kg8 20.Nf4 Bf7 21.
Ncd5 Bxd5 22.Nxd5 Rf7 23.Nxf6+ exf6 24.Kb1 Rfc7 25.Rd2 Qe7 26.Rhd1 R4c6 
27.c3 a5 28.Rd4 Rb7 29.Qd2 Rbb6 30.Qd3 Kg7 31.Rd5 b4 32.cxb4 axb4 33.f4 
Qa7 34.e5 Ra6 35.Qb3 Qd7 36.Qd3 Qa7 37.Qb3 Qd7 38.exf6+ Kxf6 39.Qxb4 Kf7 
40.Rh1 Kg7 41.Rb5 h6 42.Rb7 Rc7 43.Qc3+ 1-0

[Event "9th Asia-ch (women)"]
[Site "Chennai IND"]
[Date "2001.09.06"]
[Round "5"]
[White "Zhao Xue"]
[Black "Thipsay, Bagyashree Sathe"]
[Result "1-0"]
[WhiteElo "2372"]
[BlackElo "2241"]
[EventDate "2001.09.03"]
[PlyCount "73"]

1.e4 c6 2.d4 d5 3.e5 Bf5 4.Nf3 e6 5.a3 Nd7 6.Be2 Bg6 7.Nbd2 Ne7 8.Nh4 Nf5 
9.Nxg6 hxg6 10.Nf3 Be7 11.O-O Nf8 12.b4 a6 13.Bd2 g5 14.h3 Ng6 15.Qc1 Ngh4
16.c3 Nxf3+ 17.Bxf3 Kd7 18.a4 Nh4 19.Be2 f5 20.b5 g4 21.bxc6+ bxc6 22.Rb1 
Ra7 23.c4 Qg8 24.cxd5 exd5 25.Re1 gxh3 26.g3 Ng2 27.Rf1 Qe6 28.Kh2 g6 29.
Rb6 Bd8 30.Rb8 Rh7 31.Qc5 Rc7 32.Bxa6 Be7 33.Qb6 Bd8 34.Rxd8+ Kxd8 35.Qb8+
Rc8 36.Ba5+ Ke8 37.Bxc8 1-0

[Event "9th Asia-ch (women)"]
[Site "Chennai IND"]
[Date "2001.09.06"]
[Round "5"]
[White "Prathiba, Yuvarajan"]
[Black "Geldieva, Mekhri"]
[Result "0-1"]
[WhiteElo "2054"]
[BlackElo "2284"]
[EventDate "2001.09.03"]
[PlyCount "48"]

1.e4 d5 2.exd5 Qxd5 3.Nc3 Qa5 4.d4 c6 5.Bd2 Qb6 6.Nf3 Bg4 7.Bc4 e6 8.Qe2 
Nf6 9.O-O-O Nbd7 10.d5 cxd5 11.Nxd5 Nxd5 12.Bxd5 Be7 13.h3 Bh5 14.Bb3 O-O 
15.Be3 Nc5 16.Bxc5 Bxc5 17.g4 Bg6 18.Ne5 Bxf2 19.h4 Rfd8 20.Nc4 Qc5 21.h5 
b5 22.Nd2 Bd3 23.Qf3 Rac8 24.Kb1 Bxc2+ 0-1

[Event "9th Asia-ch (women)"]
[Site "Chennai IND"]
[Date "2001.09.06"]
[Round "5"]
[White "Gokhale, Anupama"]
[Black "Khegai, Angela"]
[Result "0-1"]
[WhiteElo "2251"]
[BlackElo "2235"]
[EventDate "2001.09.03"]
[PlyCount "72"]

1.e4 g6 2.d4 Bg7 3.Nf3 d6 4.Bc4 Nf6 5.Qe2 Bg4 6.e5 dxe5 7.Bxf7+ Kxf7 8.
Nxe5+ Ke8 9.Nxg4 Qxd4 10.Nxf6+ Qxf6 11.O-O Nc6 12.Nc3 Nd4 13.Qe4 c6 14.Be3
Rd8 15.Rad1 Kf7 16.Rfe1 e5 17.Qg4 Qf5 18.Qxf5+ gxf5 19.Bxd4 exd4 20.Ne2 
Rhe8 21.Kf1 Re7 22.Ng3 Rd5 23.Rxe7+ Kxe7 24.f4 Kf7 25.b3 Kg6 26.Ne2 Bf6 
27.g3 Rd8 28.h3 h5 29.Kf2 c5 30.Kf3 Re8 31.Rd3 b5 32.c4 bxc4 33.bxc4 Rb8 
34.Nc1 Rb4 35.Nb3 Rxc4 36.a3 Rc2 0-1

[Event "9th Asia-ch (women)"]
[Site "Chennai IND"]
[Date "2001.09.06"]
[Round "5"]
[White "Dhar-Barua, Saheli"]
[Black "Kasturi, M."]
[Result "0-1"]
[WhiteElo "2248"]
[BlackElo "2115"]
[EventDate "2001.09.03"]
[PlyCount "80"]

1.e4 c5 2.Nf3 Nc6 3.d4 cxd4 4.Nxd4 Nf6 5.Nc3 e5 6.Ndb5 d6 7.Bg5 a6 8.Na3 
b5 9.Bxf6 gxf6 10.Nd5 f5 11.c3 Bg7 12.exf5 Bxf5 13.Nc2 O-O 14.Nce3 Be6 15.
g3 Kh8 16.Bg2 Ra7 17.O-O f5 18.f4 Ne7 19.Kh1 e4 20.a4 bxa4 21.Rxa4 Nxd5 
22.Nxd5 a5 23.Rf2 Qd7 24.Ra1 Qb5 25.Ne3 Qc5 26.Qe1 d5 27.Nc2 Rb8 28.Nd4 
Bxd4 29.cxd4 Qxd4 30.Rd2 Qg7 31.Qf2 Rab7 32.Rxa5 Rxb2 33.Rxb2 Qxb2 34.Qg1 
d4 35.Bh3 e3 36.Bg2 e2 37.Re5 Qa2 38.Rxe6 Rb1 39.Re8+ Kg7 40.Re7+ Kf6 0-1

[Event "9th Asia-ch (women)"]
[Site "Chennai IND"]
[Date "2001.09.06"]
[Round "5"]
[White "Khan, Nazrana"]
[Black "Sultana, Zakia"]
[Result "1/2-1/2"]
[WhiteElo "2129"]
[BlackElo "2012"]
[EventDate "2001.09.03"]
[PlyCount "46"]

1.d4 d5 2.Bf4 c6 3.Nf3 Nf6 4.Nbd2 Bf5 5.Ne5 Nbd7 6.e3 e6 7.Bd3 Bxd3 8.Nxd3
Be7 9.O-O O-O 10.Re1 c5 11.c3 Re8 12.e4 cxd4 13.e5 Ne4 14.cxd4 Nxd2 15.
Qxd2 Qb6 16.Be3 Rac8 17.Rac1 a6 18.a3 Qa7 19.Rc3 b5 20.Rec1 Qb7 21.b4 Rc4 
22.Nc5 Bxc5 23.bxc5 Nf8 1/2-1/2

[Event "9th Asia-ch (women)"]
[Site "Chennai IND"]
[Date "2001.09.07"]
[Round "6"]
[White "Vijayalakshmi, Subbaraman"]
[Black "Mohota, Nisha"]
[Result "1/2-1/2"]
[WhiteElo "2397"]
[BlackElo "2236"]
[EventDate "2001.09.03"]
[PlyCount "101"]

1.Nf3 d5 2.d4 Nf6 3.c4 e6 4.Nc3 Be7 5.cxd5 exd5 6.Bg5 c6 7.Qc2 g6 8.e3 Bf5
9.Bd3 Bxd3 10.Qxd3 Nbd7 11.O-O O-O 12.Rae1 Re8 13.Nd2 Nh5 14.Bh6 Bf8 15.
Bxf8 Rxf8 16.b4 a6 17.a4 f5 18.b5 axb5 19.axb5 Ra3 20.Ra1 Qe7 21.Rxa3 Qxa3
22.Qc2 Nhf6 23.bxc6 bxc6 24.Ne2 Rb8 25.Rb1 Rxb1+ 26.Qxb1 Kf7 27.h3 Qa6 28.
Nf4 Qb5 29.Qc2 Ne4 30.Nf3 Qc4 31.Qb1 Ke7 32.h4 Kd6 33.Ne5 Qb5 34.Qxb5 cxb5
35.Nxd7 Kxd7 36.Nxd5 Kc6 37.Nb4+ Kb6 38.f3 Nd6 39.Kf2 Ka5 40.Nd3 Ka4 41.
Kg3 Kb3 42.Kf4 Kc4 43.Nc5 Nf7 44.h5 b4 45.g4 fxg4 46.fxg4 b3 47.Na4 Kb4 
48.Nb2 Kc3 49.Na4+ Kb4 50.Nc5 Kc4 51.Na4 1/2-1/2

[Event "9th Asia-ch (women)"]
[Site "Chennai IND"]
[Date "2001.09.07"]
[Round "6"]
[White "Wang Yu"]
[Black "Huang Qian"]
[Result "1-0"]
[WhiteElo "2382"]
[BlackElo "2260"]
[EventDate "2001.09.03"]
[PlyCount "61"]

1.e4 c5 2.Nf3 d6 3.d4 cxd4 4.Nxd4 Nf6 5.Nc3 a6 6.Be3 e5 7.Nb3 Be7 8.f3 Be6
9.Qd2 b5 10.a4 bxa4 11.Rxa4 O-O 12.Be2 d5 13.exd5 Nxd5 14.Nxd5 Bxd5 15.Na5
Qd7 16.b3 Rd8 17.O-O Nc6 18.Kh1 Qe6 19.Qe1 Nxa5 20.Rxa5 Bb7 21.Bc4 Qf5 22.
Bb6 Rd7 23.Rxe5 Qf6 24.Ba5 Bf8 25.Qe2 Qh6 26.Re8 g6 27.Bb4 Rxe8 28.Qxe8 
Rc7 29.Qd8 Rc8 30.Qd7 Rxc4 31.Bxf8 1-0

[Event "9th Asia-ch (women)"]
[Site "Chennai IND"]
[Date "2001.09.07"]
[Round "6"]
[White "Gu Xiaobing"]
[Black "Li Ruofan"]
[Result "0-1"]
[WhiteElo "2300"]
[BlackElo "2293"]
[EventDate "2001.09.03"]
[PlyCount "48"]

1.e4 e5 2.Nf3 Nc6 3.d4 exd4 4.Bc4 Nf6 5.e5 Ng4 6.O-O d6 7.e6 fxe6 8.Ng5 
Nge5 9.Nxe6 Qe7 10.Nxd4 Nxc4 11.Re1 N6e5 12.b3 Nb6 13.f4 Bg4 14.Qd2 O-O-O 
15.h3 Bh5 16.Qa5 Qh4 17.Be3 Nc6 18.Nxc6 bxc6 19.Bf2 Qf6 20.Na3 d5 21.Qxa7 
Bd6 22.Nb5 cxb5 23.Qa6+ Kb8 24.Bxb6 Bc5+ 0-1

[Event "9th Asia-ch (women)"]
[Site "Chennai IND"]
[Date "2001.09.07"]
[Round "6"]
[White "Nguyen Thi Thanh An"]
[Black "Zhao Xue"]
[Result "1-0"]
[WhiteElo "2275"]
[BlackElo "2372"]
[EventDate "2001.09.03"]
[PlyCount "119"]

1.d4 f5 2.g3 Nf6 3.Bg2 g6 4.Nf3 Bg7 5.O-O O-O 6.b3 a5 7.a4 d6 8.Bb2 Nc6 9.
Nbd2 h6 10.Re1 Ne4 11.e3 Nxd2 12.Qxd2 e5 13.d5 Ne7 14.c4 g5 15.Red1 f4 16.
exf4 gxf4 17.Ne1 Bg4 18.f3 Bd7 19.gxf4 exf4 20.Bxg7 Kxg7 21.Qd4+ Kh7 22.
Ra2 Ng6 23.Bf1 Nh4 24.Kh1 Qg5 25.Ng2 Ng6 26.Bd3 Bf5 27.Rg1 Qh5 28.Rf2 Bxd3
29.Qxd3 Qf5 30.Qd4 Ne5 31.Nh4 Qd3 32.Qe4+ Qxe4 33.fxe4 f3 34.Rg3 Rf4 35.
Nxf3 Raf8 36.Kg2 Ng6 37.Rh3 Kg7 38.Rg3 h5 39.Rf1 h4 40.Rg5 Kh6 41.Rf5 Rxe4
42.Rxf8 Nxf8 43.Nxh4 Nd7 44.Nf5+ Kg6 45.Ng3 Rd4 46.Ne2 Rd2 47.Rf2 Kg5 48.
Nc3 Rd3 49.Rf3 Rd2+ 50.Kg3 Nc5 51.h4+ Kg6 52.Nb5 Na6 53.Kg4 Rg2+ 54.Rg3 
Rh2 55.Re3 Rg2+ 56.Rg3 Rh2 57.Nd4 Nc5 58.Ne6 Nxe6 59.dxe6 Re2 60.Kf3+ 1-0

[Event "9th Asia-ch (women)"]
[Site "Chennai IND"]
[Date "2001.09.07"]
[Round "6"]
[White "Swathi, Ghate"]
[Black "Le Kieu Thien Kim"]
[Result "1-0"]
[WhiteElo "2260"]
[BlackElo "2307"]
[EventDate "2001.09.03"]
[PlyCount "49"]

1.e4 Nf6 2.e5 Nd5 3.d4 d6 4.c4 Nb6 5.f4 dxe5 6.fxe5 Nc6 7.Be3 Bf5 8.Nc3 e6
9.Nf3 Bg4 10.Be2 Bxf3 11.gxf3 Qh4+ 12.Bf2 Qf4 13.c5 Nd7 14.Qd2 Qxd2+ 15.
Kxd2 O-O-O 16.Kc2 Ndb8 17.Rad1 Be7 18.Rhg1 g6 19.a3 Rd7 20.f4 h5 21.Bf1 g5
22.fxg5 Rhd8 23.g6 Rxd4 24.Bxd4 Nxd4+ 25.Rxd4 1-0

[Event "9th Asia-ch (women)"]
[Site "Chennai IND"]
[Date "2001.09.07"]
[Round "6"]
[White "Geldieva, Mekhri"]
[Black "Khegai, Angela"]
[Result "1-0"]
[WhiteElo "2284"]
[BlackElo "2235"]
[EventDate "2001.09.03"]
[PlyCount "79"]

1.d4 Nf6 2.Nf3 g6 3.Bg5 Bg7 4.Nbd2 d5 5.e3 O-O 6.Bd3 Nbd7 7.O-O c5 8.c3 b6
9.Bh4 Bb7 10.Ne5 Ne4 11.f4 f6 12.Nxe4 Nxe5 13.Nxc5 bxc5 14.fxe5 fxe5 15.
Rxf8+ Qxf8 16.dxc5 e6 17.Qb3 Bc6 18.Qb4 Bh6 19.Re1 e4 20.Bf1 Rb8 21.Qa3 
Qf5 22.b4 Rf8 23.Qc1 e5 24.Qd2 Qd7 25.Bg3 Bg7 26.Bf2 d4 27.exd4 Rxf2 28.
Qxf2 exd4 29.Bc4+ Bd5 30.Qe2 e3 31.cxd4 Qe6 32.Bb3 Bxd4 33.Qd3 Qe5 34.
Bxd5+ Qxd5 35.Qb3 Qf7 36.Qxf7+ Kxf7 37.Kf1 Ke6 38.Ke2 Kd5 39.Kd3 a6 40.
Rxe3 1-0

[Event "9th Asia-ch (women)"]
[Site "Chennai IND"]
[Date "2001.09.07"]
[Round "6"]
[White "Yu Ting"]
[Black "Khamrakulova, Iroda"]
[Result "1-0"]
[WhiteElo "2256"]
[BlackElo "2217"]
[EventDate "2001.09.03"]
[PlyCount "63"]

1.e4 c5 2.Nf3 a6 3.c4 Nc6 4.d4 cxd4 5.Nxd4 Qc7 6.Nc3 e6 7.Nc2 Nf6 8.Bg5 
Be7 9.Qd2 Ne5 10.f4 Nxc4 11.Bxc4 Qxc4 12.Ne3 Qc6 13.e5 Ng8 14.Rc1 Qb6 15.
Ncd5 exd5 16.Nxd5 Qa7 17.Nc7+ Kd8 18.Nxa8 Bxg5 19.fxg5 Qxa8 20.O-O Ne7 21.
Rxf7 Qb8 22.Qf2 Ke8 23.Rf1 Ng6 24.h4 Kd8 25.e6 dxe6 26.Qd4+ Ke8 27.Qxg7 
Qa7+ 28.R1f2 Qe3 29.h5 Qe1+ 30.Rf1 Qe3+ 31.Kh1 Qe2 32.hxg6 1-0